| 000 | 01012cam a22002895a 4500 | ||
|---|---|---|---|
| 001 | 010384180 | ||
| 003 | OSt | ||
| 005 | 20171128155835.0 | ||
| 006 | m||||f ||z 00| 0 | ||
| 008 | 991115s2005 njua frb 001 0 eng d | ||
| 020 | _a9780471375876 | ||
| 040 |
_aDLC _cDLC _dEG-ScBUE _dUk _beng |
||
| 082 | 0 | 4 |
_222 _a660.28 _bFEL |
| 100 | 1 |
_aFelder, Richard M., _d1939- _95531 |
|
| 245 | 1 | 0 |
_aElementary principles of chemical processes / _cRichard M. Felder, Ronald W. Rousseau. |
| 250 | _a3rd ed., Wiley international ed. | ||
| 260 |
_aHoboken : _bJohn Wiley & Sons, _c2005. |
||
| 300 |
_axxvi, 675 p. : _bill. ; _c27 cm. + _eCD-ROM (4 3/4 in.) |
||
| 500 | _aIndex : p. 669-675. | ||
| 500 | _aIncludes one computer laser optical disc in attached pocket at the back of the book. | ||
| 504 | _aIncludes bibliographical references. | ||
| 650 | 7 |
_aChemical processes. _2BUEsh _95532 |
|
| 651 | _2BUEsh | ||
| 653 |
_bENGCHE _cJune2016 _cNovember2017 |
||
| 700 | 1 |
_aRousseau, Ronald W., _d1943- _95533 |
|
| 942 | _2ddc | ||
| 999 |
_c21911 _d21883 |
||